Refranes y dichos #7 - Estadísticas

Estadísticas generales
  • Esta prueba ha sido intentada 398 veces
  • La puntuación promedio es 13 de 20
Estadísticas de respuestas
Hint Respuesta % Correcto
estar como pez en el ____ agua
96%
hacer la vista _____ gorda
96%
estar entre la espada y... la pared
92%
verdades como ______ templos / puños
91%
poner los puntos sobre las ___ íes
90%
blanco y en _______ botella
86%
andar con pies de _____ plomo
82%
no dar pie con ____ bola
81%
como quien no quiere... la cosa
81%
dar gato por _____ liebre
77%
salir de Guatemala y entrar en... Guatepeor
75%
andar de capa _____ caída
73%
no soltar ______ prenda
52%
estar medido en todos los ________ fregados
46%
caer chuzos de _____ punta
46%
a ojo de buen _____ cubero
45%
no tener el ______ para farolillos chichi
44%
quedarse para vestir _____ santos
43%
comer como una ____ lima
28%
a enemigo que huye... puente de plata
12%
No se encontraron pruebas coincidentes
Distribución de puntuación
Porcentaje de gente con cada puntuación
Porcentaje por número respondido
Historial de tus puntuaciones
No has intentado esta prueba.